| 000 | 00550nam a22001697a 4500 | ||
|---|---|---|---|
| 999 |
_c160425 _d160425 |
||
| 005 | 20190129121709.0 | ||
| 010 | _aB-182208 | ||
| 020 |
_a8120326938 _c325.00 |
||
| 035 | _aB-182208 | ||
| 037 | _bPrentic-Hall of India Pvt. Ltd. | ||
| 082 | _a320.072 | ||
| 100 | _aMcNabb, David E. | ||
| 245 |
_aResearch method for political science: _bQualitative and quantative methods / _cDavid E. Mcnabb |
||
| 260 |
_aNew Delhi _bPrentic-Hall of India Private Limited. _c2005 |
||
| 300 |
_a570p. _c24cm(pbk) |
||
| 942 |
_2ddc _cEN _h320.072 _mMCN |
||